| 000 | 00565nam a2200193Ia 4500 | ||
|---|---|---|---|
| 003 | OSt | ||
| 005 | 20200101133105.0 | ||
| 008 | 190216s9999||||xx |||||||||||||| ||und|| | ||
| 020 | _a9780070587991 | ||
| 040 | _coclc | ||
| 082 |
_a332.0954 _bBHO/F |
||
| 100 |
_aBhole, L M _91011 |
||
| 245 | 0 |
_aFinancial Institutions And Markets / _cL M Bhole |
|
| 250 | _a4th ed. | ||
| 260 |
_bTata Mcgraw Hill Publishing Company Ltd, _c2004. _aNew Delhi: |
||
| 300 | _a576p | ||
| 650 | _aEconomics | ||
| 942 |
_cBK _2ddc _h332.0954 _iBHO/F _k332.0954 _mBHO/F |
||
| 999 |
_c10810 _d10810 |
||